| Tag |
First Indicator |
Second Indicator |
Subfields |
| LEADER |
00000cam a22000004a 4500 |
| 001 |
in00003388607 |
| 006 |
m d |
| 007 |
cr |||||||nn|n |
| 008 |
090317r20091956iau o d eng d |
| 005 |
20260608205312.1 |
| 010 |
|
|
|z 2009011391
|
| 020 |
|
|
|a 9781587298806
|
| 020 |
|
|
|a 1587298805
|
| 020 |
|
|
|z 9781587298202 (pbk.)
|
| 020 |
|
|
|z 1587298201 (pbk.)
|
| 035 |
|
|
|a (MdBmJHUP)muse9781587298806
|
| 040 |
|
|
|a MdBmJHUP
|c MdBmJHUP
|d UtOrBLW
|
| 050 |
0 |
0 |
|a QL751
|b .K87 2009
|
| 082 |
0 |
0 |
|a 591.5
|2 22
|
| 100 |
1 |
|
|a Krutch, Joseph Wood,
|d 1893-1970.
|
| 245 |
1 |
4 |
|a The great chain of life /
|c by Joseph Wood Krutch ; with illustrations by Paul Landacre.
|
| 250 |
|
|
|a 1st University of Iowa Press ed.
|
| 264 |
|
1 |
|a Iowa City :
|b University of Iowa Press,
|c 2009.
|
| 300 |
|
|
|a 1 online resource (xiv, 227 pages :) :
|b illustrations
|
| 336 |
|
|
|a text
|b txt
|2 rdacontent
|
| 337 |
|
|
|a computer
|b c
|2 rdamedia
|
| 338 |
|
|
|a online resource
|b cr
|2 rdacarrier
|
| 490 |
1 |
|
|a Sightline books : the Iowa series in literary nonfiction
|
| 500 |
|
|
|a Originally published: Boston : Houghton Mifflin, 1956.
|
| 588 |
|
|
|a Description based on print version record.
|
| 500 |
|
|
|a Electronic resource.
|
| 650 |
|
0 |
|a Evolution.
|
| 650 |
|
0 |
|a Animal behavior.
|
| 655 |
|
7 |
|a Electronic books.
|2 local
|
| 700 |
1 |
|
|a Landacre, Paul,
|d 1893-1963,
|e illustrator.
|
| 830 |
|
0 |
|a Sightline books.
|
| 856 |
4 |
0 |
|u http://proxy.library.tamu.edu/login?url=https://muse.jhu.edu/books/9781587298806/
|z Connect to the full text of this electronic book
|t 0
|
| 999 |
|
|
|a MARS
|
| 999 |
f |
f |
|s ccd9ff82-6ea1-36d8-adbe-37a47d04f0a2
|i 6f4a36bb-c53c-3d98-bc85-ef4dc8704fec
|t 0
|
| 952 |
f |
f |
|a Texas A&M University
|b College Station
|c Electronic Resources
|s www_evans
|d Available Online
|t 0
|e QL751 .K87 2009
|h Library of Congress classification
|
| 998 |
f |
f |
|a QL751 .K87 2009
|t 0
|l Available Online
|